02026nam a2200169 a 450000100080000000500110000800800410001910000170006024500860007726000330016330000100019652015900020665300110179665300150180765300130182270000210183511272652018-05-14 2018 bl uuuu u0uu1 u #d1 aSILVA, B. C. aImport??ncia do manejo alimentar na cria????o de til??pia.h[electronic resource] aFlorian??polis: Epagric2018 a16 p. aA alimenta????o ?? um ponto chave no sucesso de uma produ????o comercial de til??pia arra??oada. Al??m de ser respons??vel por cerca de 70% do custo de produ????o, a ra????o pode ser o principal vil??o do crescimento e qualidade de ??gua inadequados. ?? essencial que o produto tome alguns cuidados na hora do recebimento e do armazenamento da ra????o. Al??m disso, para obter uma melhor convers??o alimentar ?? recomendado seguir a tabela de alimenta????o de til??pia da Epagri como refer??ncia, al??m de ficar atendo a sobras de ra????o, e aos n??veis de oxig??nio dissolvidos e am??nia. A tabela de alimenta????o indica a quantidade de ra????o di??ria por porcentagem de peso vivo no viveiro para cada tamanho do peixe e para cada temperatura da ??gua. Al??m disso, a tabela cont??m indica????es do n??mero de refei????es di??rias, granulometria da ra????o e porcentagem de prote??na bruta em cada fase. A ra????o deve ser distribu??da por toda lateral do viveiro, ajudando a manter o lote homog??neo. A til??pia ?? um peixe diurno, alimente sua til??pia ao longo do dia (9 ??s 18 h), sendo importante manter uma rotina de alimenta????o. As biometrias devem ser realizadas periodicamente para acompanhar o crescimento do peixe e realizar o ajuste de ra????o. Nessa hora o produtor tamb??m poder?? visualizar a presen??a de sintomas de doen??as. O indicado ?? que a biometria seja realizada a cada 15-20 dias. Por??m, n??o ?? indicado realizar a biometria quando a temperatura da ??gua estiver abaixo de 20 ??C ou acima de 32 ??C, devido a maior susceptibilidade do peixe a doen??as. amanejo anutri????o atil??pia1 aMARCHIORI, N. C.